000 00864nam a2200241Ia 4500
003 OSt
005 20220923221321.0
006 a|||||r|||| 00| 0
007 ta
008 220922b |||||||| |||| 00| 0 hin d
024 _a197,095
037 _cTextual
040 _aARTS
_cARTS
_bhin
041 _2hin
_ahin
082 _aO152,6N31x, M2 (WPH)
100 _aझा, विष्णु प्रभाकर, बेेचैन
_9165390
245 0 _aसमकालीन साहित्य और समीक्षा
246 _aSamakālīn sāhitya aur samīkṣhā
260 _aदिल्ली
_b संमार्ग प्रका0
_c1982
300 _a136पृ.
_ccm.
942 _hO152,6N31x, M2 (WPH)
_cTEXL
_2CC
999 _c348966
_d348966